| 000 | 00944nam a2200253 4500 | ||
|---|---|---|---|
| 003 | OSt | ||
| 005 | 20240628030554.0 | ||
| 006 | a | ||
| 008 | 240628b |||||||| |||| 00| 0 eng d | ||
| 020 | _a9789814296069 | ||
| 040 |
_aDWCL-Main lib. _cOC |
||
| 082 |
_2Second edition _aCirc. 428.2 F671g 2009 |
||
| 100 | _aFolse, Keith | ||
| 245 | _aGreat sentences for great paragraphs: an introduction to basic sentences and paragraphs / | ||
| 250 | _aSecond edition | ||
| 260 |
_aSingapore: _bCengage Learning Asia Pte. Ltd., _cc2009. |
||
| 300 |
_axv, _b272p. : ill. ; _c24 cm. |
||
| 504 | _aIncludes index. | ||
| 650 | _a1. English language-Sentences-Problems, exercises, etc. | ||
| 650 | _a2. English language-Paragraphs-Problems, exercises, etc. | ||
| 650 | _a3. English language-Rhetoric-Problems, exercises, etc. | ||
| 650 | _a4. English language-Textbook for foreign speakers. | ||
| 942 |
_2ddc _n0 _cBK-CIRC _eSecond edition _kCirc. |
||
| 999 |
_c1565 _d1565 |
||